|
|
|
|
| LEADER |
00000nab a2200000 a 4500 |
| 001 |
vtls000341056 |
| 003 |
SK-MaSNL |
| 005 |
20260515034409.0 |
| 008 |
230120c1988 xo 0 slo |
| 015 |
|
|
|a SNBRA19rr/mm-uuuuu
|
| 035 |
|
|
|a CL0341178
|
| 035 |
|
|
|a urn:nbn:sk:snk-ab2yp9
|
| 035 |
|
|
|a (urnnbn)urn:nbn:sk:snk:ar-a034g7
|
| 035 |
|
|
|a (uuid)9880fa95-43c1-4d1b-99d5-18324cbd2f80
|
| 040 |
|
|
|a SNKBUCL
|b slo
|c SNKBUCL
|e AACR2
|
| 041 |
0 |
|
|a slo
|
| 044 |
|
|
|a xo
|c SK
|
| 080 |
|
|
|a 591.557:595.775:599.32:502.72
|2 1981
|
| 080 |
|
|
|a 595.775
|2 1981
|
| 080 |
|
|
|a 599.32
|2 1981
|
| 080 |
|
|
|a 502.72
|2 1981
|
| 100 |
1 |
|
|a Dudich, Alexander,
|d 1942-2025
|4 aut
|9 104870
|
| 245 |
1 |
0 |
|a Ektoparazity drobných zemných cicavcov chránenej krajinnej oblasti Štiavnické vrchy
|b 1. Siphonaptera
|c Alexander Dudich
|
| 300 |
|
|
|b Tb. 2. Mp. 1. Res. rus., angl., nem., lit. 21 zázn. v slov., angl., nem.
|
| 650 |
0 |
7 |
|a ektoparazity
|2 snkbucl
|9 20159
|
| 650 |
0 |
7 |
|a cicavce drobné zemné
|2 snkbucl
|9 960697
|
| 650 |
0 |
7 |
|a chránené krajinné oblasti
|2 snkbucl
|9 3798
|
| 651 |
|
7 |
|a Štiavnické vrchy (Slovensko: pohorie)
|2 snkbucl
|9 15246
|
| 655 |
|
7 |
|a články zo zborníkov
|2 snkbucl
|9 166140
|
| 773 |
0 |
|
|t Ochrana prírody 9
|d Bratislava : Príroda, 1988
|g S. 129-148
|
| 850 |
|
|
|a Slovenská národná knižnica v Martine
|a MTA001
|
| 852 |
|
|
|a SNK
|b KIS3GCP
|
| 954 |
|
|
|a odborná, vedecká literatúra pôvodná (slovenská)
|2 lita
|
| 958 |
|
|
|a NB
|
| 958 |
|
|
|a RK
|
| 958 |
|
|
|a OND
|
| 958 |
|
|
|a EUIPO
|
| 958 |
|
|
|a article27
|
| 992 |
|
|
|a RZB
|
| 999 |
|
|
|c 3333752
|d 3335682
|